Adventure of Huckleberry Finn

Bibliographic Details
Main Author: TWAIN, Mark
Other Authors: Burns, Ray (Illustrated by)
Format: Book
Published: s.p. : Troll Associates , 1990
Subjects:

MARC

LEADER 00000cam a2200000 7i4500
001 0000003610
002 000003885
005 20000330.0
020 |a 0-8167-1858-X 
090 0 0 |a JF   |b TWA 
100 1 |a TWAIN, Mark 
245 1 0 |a Adventure of Huckleberry Finn   |c Mark, Twain ; illustrated by Ray Burns 
260 |a s.p. :   |b Troll Associates ,   |c 1990 
300 |a 48p. ;   |c 28cm. 
650 0 0 |a Children's stories 
700 1 |a Burns, Ray ,   |e Illustrated by 
999 |a 031594   |b BUKU   |c JUNIOR FICTION   |e PERPUSTAKAAN KOMUNITI PETALING JAYA